|
|
|
|
| LEADER |
00000nab a2200000 a 4500 |
| 001 |
vtls008416000 |
| 003 |
SK-MaSNL |
| 005 |
20260305015334.0 |
| 008 |
250505c2005 xo 0 slo |
| 015 |
|
|
|a SNBCL2005/5
|
| 035 |
|
|
|a SLK034252
|
| 035 |
|
|
|a urn:nbn:sk:snk-ab2kcu
|
| 035 |
|
|
|a (urnnbn)urn:nbn:sk:snk:ar-a02kb1
|
| 035 |
|
|
|a (uuid)a3eeedf4-cf89-4f86-bdfe-0143a8321b56
|
| 040 |
|
|
|a SNKBUCL
|b slo
|c SNKBUCL
|e AACR2
|
| 041 |
0 |
|
|a slo
|
| 044 |
|
|
|a xo
|c SK
|
| 080 |
|
|
|a 328.34:614.35
|2 1981
|
| 100 |
1 |
|
|a Kmeťová, Anna
|4 aut
|9 265828
|
| 245 |
1 |
0 |
|a Čo získa a čo stratí ŠÚKL transformáciou na Úrad pre humánnu farmáciu Slovenskej republiky?
|c Anna Kmeťová
|
| 300 |
|
|
|b Obr.
|
| 610 |
2 |
7 |
|a Štátny ústav pre kontrolu liečiv (Slovensko)
|2 SNKBUCL
|9 33387
|
| 650 |
0 |
7 |
|a farmácia
|x organizácia a riadenie
|2 MESH
|9 859323
|
| 650 |
0 |
7 |
|a zákonodarstvo farmaceutické
|2 MESH
|9 1220390
|
| 650 |
0 |
7 |
|a kontrola liekov a narkotík
|x zákonodarstvo a právna veda
|2 MESH
|9 1443058
|
| 650 |
0 |
7 |
|a rozhodovanie v organizácii
|2 MESH
|9 1457067
|
| 650 |
0 |
7 |
|a politika zdravotnícka
|2 MESH
|9 858235
|
| 773 |
0 |
|
|t Lekárnik
|g Roč. 10, č. 7 (2005), s. 14-15
|x 1335-924X
|
| 850 |
|
|
|a Slovenská národná knižnica
|
| 852 |
|
|
|a Slovenská národná knižnica
|
| 954 |
|
|
|a odborná, vedecká literatúra pôvodná (slovenská)
|2 lita
|
| 958 |
|
|
|a article27
|
| 958 |
|
|
|a OND
|
| 958 |
|
|
|a EUIPO
|
| 999 |
|
|
|c 3274413
|d 3276343
|